LEADER 01477nam0-22004331i-450- 001 990006434300403321 005 20090303113106.0 010 $a88-7104-532-7 035 $a000643430 035 $aFED01000643430 035 $a(Aleph)000643430FED01 035 $a000643430 100 $a20090303d1992----km-y0itay50------ba 101 1 $aita$cger 102 $aIT 105 $ay-------001yy 200 1 $a<>polemica sulla codificazione$fA.F.J. Thibaut, F.C. Savigny$ga cura di Giuliano Marini 205 $a3. ed. 210 $aNapoli$cEdizioni Scientifiche Italiane$d1992 215 $a197 p.$d22 cm 225 1 $a<>cultura delle idee$v18 300 $aContiene, in trad. italiana: Uber die Nothwendigkeit eines allgemeinen burgerlichen Rechts fur Deutschland, di A.F.J. Thibaut; Vom Beruf unserer zeit fur Gesetzgebung und Rechtswissenschaft, di F.K. von Savigny. 676 $a340.1$v20$zit 676 $a340.09 700 1$aThibaut,$bAnton Friedrich Justus$f<1772-1840>$0239863 701 1$aSavigny,$bFriedrich Karl von$0153320 702 1$aMarini,$bGiuliano$f<1932-2005> 801 0$aIT$bUNINA$gRICA$2UNIMARC 901 $aBK 912 $a990006434300403321 952 $aXI D T 6(1)$fDFD 952 $aXI D T 6(2)$b1487$fDFD 952 $aXXXIV Bb 5$b2297 ddr$fDDR 952 $aCOLLEZ. 1140 (18)$b19015$fFSPBC 959 $aDDR 959 $aDFD 959 $aFSPBC 996 $aPolemica sulla codificazione$964496 997 $aUNINA LEADER 02464cam--2200469---450 001 990000568950203316 005 20230330125915.0 012 $anao- a.he a.u- eVta (3) 1774 (R)$2fei$5SA0186: vol. 1 012 $aa.n- 75li 4.1. d'de (3) 1774 (R)$2fei$5SA0186: vol. 2 035 $a0056895 035 $aUSA010056895 035 $a(ALEPH)000056895USA01 035 $a0056895 100 $a20010717d1774----km-y0itay5003----ba 101 0 $aita 102 $aIT 140 $ay y yyy 1001 200 1 $a<> stato presente, o sia La relazione della corte di Roma gią pubblicata dal cav. Lunadoro, ora ritoccata, accresciuta, ed illustrata da Francescantonio Zaccaria e consecrata all'eminentissimo principe il sign. cardinale Domenico Orsini d'Aragona. Parte prima [-seconda] 210 $aIn Roma$cper Giovanni Bartolomicchi$d1774 215 $a2 volumi (XI, [1], 327, [1] p.; XXII, [2], 348 p.)$d12° 300 $aNell'occhietto del vol. 2: Opera in cui si somministra idea delle dignitą, del governo, delle congregazioni, de' tribunali, degli uffizj, delle principali funzioni, e cirimonie di questa cittą 307 $aSegnatura vol. 1: *? A-N¹² O? 307 $aSegnatura vol. 2: *¹² A-O¹² P? 307 $aFregi xilografici sui frontespizi 517 1 $a<> relazione della corte di Roma gią pubblicata dal cav. Lunadoro, ora ritoccata, accresciuta, ed illustrata da Francescantonio Zaccaria e consecrata all'eminentissimo principe il sign. cardinale Domenico Orsini d'Aragona. Parte prima [-seconda] 620 $aItalia$dRoma 700 1$aLETI,$bGregorio$0192430 702 1$aZACCARIA,$bFrancesco Antonio 712 02$aBartolomicchio, Giovanni$c[editore] 801 0$aIT$bsalbc$gISBD 912 $a990000568950203316 951 $aFV.IV.A. 54 1(FV B 2 2 23)$b263 F.V.$cFV.IV. 951 $aFV.IV.A. 54 2(FV B 2 2 24)$b264 F.V.$cFV.IV. 959 $aA 969 $aVEN 979 $aPATTY$b90$c20010717$lUSA01$h1135 979 $aPATTY$b90$c20010717$lUSA01$h1153 979 $c20020403$lUSA01$h1706 979 $aPATRY$b90$c20040406$lUSA01$h1639 979 $aCAPRI$b90$c20100824$lUSA01$h1339 996 $aStato presente, o sia La relazione della corte di Roma gią pubblicata dal cav. Lunadoro, ora ritoccata, accresciuta, ed illustrata da Francescantonio Zaccaria e consecrata all'eminentissimo principe il sign. cardinale Domenico Orsini d'Aragona. Parte prima$93072203 997 $aUNISA